Top 50 rap 2018 - Statystyki

Ogólne statystyki
  • Ten quiz został rozwiązany 167 razy
  • Średni wynik to 21 z 50
Statystyki odpowiedzi
# Hint Odpowiedź % Poprawnych
10. White 2115 California
83%
1. Taconafide Tamagotchi
80%
49. Bedoes ft. Golec uOrkiestra Janosik
79%
29. Taconafide 8 kobiet
73%
2. ReTo UA
71%
8. ReTo ft. Quebonafide Sorry Dolores
65%
9. Sarius Wiking
65%
38. Szpaku Hinata
63%
20. Guzior ft. Szpaku Ninja
63%
25. Guzior Płuca zlepione topami
62%
6. Taconafide Kryptowaluty
61%
5. Kali 30 KMH
59%
21. Young Igi Bestia
59%
46. Szpaku ft. Włodi Oddajemy krew wampirom
59%
12. Blacha Casablanca
57%
24. Guzior WiFi
57%
48. Be vis Surfer
56%
16. ReTo Rs7
53%
3. Blacha Mademoiselle
52%
33. White 2115 ft. Bedoes, Kuqe Nowi kumple
51%
13. Smolasty ft. Białas Fake love
49%
22. Young Multi Pogba
48%
15. Blacha ft. Bedoes Braciszku
46%
23. Szpaku UFO
46%
4. Taconafide ft. Bedoes 8 kobiet (remix)
44%
34. Deemz x Białas x Szpaku Ból
44%
41. White 2115 La vida loca
43%
7. Smolasty ft. Otsochodzi Uzależniony
41%
32. Zeamsone bb
40%
37. Young Igi ft. Malik Montana Deszcz banknotów
39%
19. Taco Hemingway Fiji
39%
11. Sokół Chcemy być wyżej
36%
17. Kali ft. Paluch Opary
36%
14. Taconafide ft. Dawid Podsiadło Tamagotchi (remix)
34%
27. Taconafide Art-B
31%
36. Malik Montana Mówili
31%
26. Kękę Cesarz
30%
39. O.S.T.R Alcatraz
26%
45. Kękę ft. Białas Zoba, zoba
25%
28. TKM Jeden buziak
19%
47. Zbuku Ostatni drink
19%
35. Kali Piraci
19%
31. Szpaku Minimini
17%
18. Kękę Nigdy ponad stan
16%
42. Bedoes WoW
16%
44. Pezet Piroman
14%
40. O.S.T.R All my life
10%
30. Kękę Samson
9%
50. Glaca ft. Peja Życie i samotność
6%
43. Hinol PW W drogę
4%
Nie znaleziono quizów pasujących do podanych kryteriów
Rozkład punktacji
Procent ludzi z każdym wynikiem
Percentyl według liczby udzielonych odpowiedzi
Twoja historia wyników
Nie rozwiązałeś tego quizu